Deutsche Städte mit "R" - Statistiken

Allgemein
  • Dieses Quiz wurde 139 mal gespielt
  • Das Durchschnittsergebnis liegt bei 25 aus 110
Antwortstatistiken
Bundesland Stadt % Korrekt
Bayern Regen
86%
Bayern Regensburg
84%
Baden-Württemberg Ravensburg
79%
Nordrhein-Westfalen Recklinghausen
76%
Baden-Württemberg Reutlingen
71%
Mecklenburg-Vorpommern Rostock
71%
Bayern Rosenheim
69%
Bayern Roth
69%
Nordrhein-Westfalen Remscheid
66%
Baden-Württemberg Rastatt
63%
Sachsen Rothenburg/O.L.
61%
Bayern Rothenburg ob der Tauber
60%
Sachsen Riesa
57%
Nordrhein-Westfalen Rheine
54%
Niedersachsen Rotenburg (Wümme)
54%
Schleswig-Holstein Rendsburg
53%
Baden-Württemberg Rottweil
53%
Hessen Rotenburg an der Fulda
52%
Nordrhein-Westfalen Ratingen
46%
Niedersachsen Rinteln
44%
Sachsen Radebeul
43%
Hessen Rüsselsheim am Main
43%
Sachsen Radeberg
40%
Sachsen Radeburg
40%
Baden-Württemberg Rottenburg am Neckar
40%
Bayern Rottenburg an der Laaber
40%
Hessen Rüdesheim am Rhein
38%
Brandenburg Rathenow
34%
Schleswig-Holstein Ratzeburg
34%
Nordrhein-Westfalen Rheinberg
34%
Thüringen Rudolstadt
34%
Sachsen Rabenau
33%
Rheinland-Pfalz Remagen
33%
Hessen Rodgau
30%
Sachsen Reichenbach im Vogtland
29%
Sachsen Reichenbach/O.L.
29%
Baden-Württemberg Riedlingen
29%
Nordrhein-Westfalen Rheda-Wiedenbrück
28%
Nordrhein-Westfalen Radevormwald
26%
Rheinland-Pfalz Ramstein-Miesenbach
26%
Baden-Württemberg Radolfzell am Bodensee
25%
Hessen Rosbach vor der Höhe
25%
Nordrhein-Westfalen Rheinbach
23%
Bayern Roding
23%
Mecklenburg-Vorpommern Ribnitz-Damgarten
21%
Sachsen Rodewisch
21%
Hessen Rödermark
20%
Thüringen Ronneburg
20%
Sachsen Roßwein
20%
Sachsen Rötha
20%
Baden-Württemberg Rheinfelden (Baden)
18%
Bayern Rötz
18%
Sachsen Rochlitz
15%
Schleswig-Holstein Reinbek
14%
Hessen Rosenthal
14%
Nordrhein-Westfalen Rietberg
13%
Hessen Raunheim
11%
Hessen Reinheim
11%
Baden-Württemberg Remseck am Neckar
11%
Nordrhein-Westfalen Rhede
11%
Rheinland-Pfalz Rhens
10%
Nordrhein-Westfalen Rösrath
9%
Baden-Württemberg Rauenberg
8%
Sachsen Regis-Breitingen
8%
Hessen Reichelsheim (Wetterau)
8%
Brandenburg Rheinsberg
8%
Nordrhein-Westfalen Rees
7%
Bayern Röthenbach an der Pegnitz
7%
Sachsen-Anhalt Raguhn-Jeßnitz
6%
Nordrhein-Westfalen Rahden
6%
Schleswig-Holstein Reinfeld (Holstein)
6%
Baden-Württemberg Renningen
6%
Baden-Württemberg Rheinau
6%
Baden-Württemberg Rheinstetten
6%
Hessen Riedstadt
6%
Thüringen Ruhla
6%
Baden-Württemberg Ravenstein
5%
Niedersachsen Rodenberg
5%
Bayern Rödental
5%
Brandenburg Ruhland
5%
Nordrhein-Westfalen Rüthen
5%
Hessen Rauschenberg
3%
Mecklenburg-Vorpommern Rerik
3%
Mecklenburg-Vorpommern Röbel/Müritz
3%
Rheinland-Pfalz Rockenhausen
3%
Niedersachsen Ronnenberg
3%
Bayern Röttingen
3%
Bayern Rain
2%
Rheinland-Pfalz Ransbach-Baumbach
2%
Thüringen Rastenberg
2%
Bayern Rehau
2%
Rheinland-Pfalz Rheinböllen
2%
Rheinland-Pfalz Rodalben
2%
Hessen Romrod
2%
Baden-Württemberg Rutesheim
2%
Rheinland-Pfalz Rennerod
1%
Mecklenburg-Vorpommern Richtenberg
1%
Bayern Riedenburg
1%
Bayern Rieneck
1%
Thüringen Römhild
1%
Baden-Württemberg Rosenfeld
1%
Bayern Rothenfels
1%
Hessen Runkel
1%
Thüringen Ranis
0%
Niedersachsen Rehburg-Loccum
0%
Mecklenburg-Vorpommern Rehna
0%
Baden-Württemberg Renchen
0%
Niedersachsen Rethem (Aller)
0%
Brandenburg Rhinow
0%
Thüringen Roßleben-Wiehe
0%
Keine übereinstimmenden Quizze gefunden
Verteilung der Resultate
Anzahl Personen mit jedem Resultat
Perzentil nach korrekt beantworteten Fragen
Ihre Resultats-Entwicklung
Sie haben dieses Quiz noch nicht gespielt